[Event "VIE-ch U09"]
[Site "Hai Phong"]
[Date "2018.07.12"]
[Round "8"]
[White "Nguyen, Minh Hieu"]
[Black "Ta, Anh Khoi"]
[Result "1-0"]
[WhiteElo "1918"]
[BlackElo "1923"]
[PlyCount "99"]
[EventDate "2018.07.07"]
[EventType "swiss"]
[EventRounds "9"]
[EventCountry "VIE"]
[SourceTitle "EXT 2019"]
[Source "ChessBase"]
[SourceDate "2018.10.10"]
[SourceVersion "1"]
[SourceVersionDate "2018.10.10"]
[SourceQuality "1"]

1. e4 e5 2. Nf3 Nc6 3. Bb5 d6 4. d4 exd4 5. Nxd4 Bd7 6. 0-0 Be7 7. Nc3 Nf6 8. Bg5 0-0 9. Qd2 h6 10. Bh4 Nxd4 11. Bxd7 Qxd7 12. Qxd4 c5 13. Qd3 b6 14. e5 Ne8 15. Bxe7 Qxe7 16. exd6 Qxd6 17. Qxd6 Nxd6 18. Rad1 Nc4 19. b3 Ne5 20. Rfe1 Ng6 21. Rd7 Rfd8 22. Red1 Kf8 23. Rxd8+ Rxd8 24. Rxd8+ Ke7 25. Ra8 a5 26. Rb8 Kd6 27. Rxb6+ Kc7 28. Nd5+ Kd7 29. Rb5 Kc6 30. Nc3 Ne5 31. f4 Nd7 32. Kf2 Nb6 33. Kg3 Nd5 34. Rxa5 Nxc3 35. Ra7 Ne4+ 36. Kf3 Nd6 37. Kg4 f6 38. Rxg7 f5+ 39. Kh5 Ne8 40. Rg6+ Nd6 41. Kxh6 Kd7 42. Kg5 Ke7 43. Kh6 Nf7+ 44. Kg7 Nd6 45. a4 Ne8+ 46. Kh8 Nf6 47. a5 Nd7 48. a6 Kd8 49. a7 Kc8 50. a8Q+ 1-0

[Event "VIE-ch U09"]
[Site "Hai Phong"]
[Date "2018.07.11"]
[Round "7"]
[White "Nguyen, Trung Minh"]
[Black "Nguyen, Minh Hieu"]
[Result "1-0"]
[WhiteElo "1931"]
[BlackElo "1918"]
[PlyCount "40"]
[EventDate "2018.07.07"]
[EventType "swiss"]
[EventRounds "9"]
[EventCountry "VIE"]
[SourceTitle "EXT 2019"]
[Source "ChessBase"]
[SourceDate "2018.10.10"]
[SourceVersion "1"]
[SourceVersionDate "2018.10.10"]
[SourceQuality "1"]

1. e4 e5 2. Nf3 Nc6 3. Nc3 Nf6 4. Bb5 Bc5 5. Nxe5 Nxe5 6. d4 Bb4 7. dxe5 Nxe4 8. Bd2 Nxd2 9. Qxd2 0-0 10. 0-0 Re8 11. Rfe1 c5 12. a3 Ba5 13. Qf4 Qb6 14. b4 cxb4 15. axb4 Qc7 16. Nd5 Qxc2 17. bxa5 a6 18. Bc4 Rf8 19. Ra2 Qg6 20. Ne7+ Kh8 1-0